Equipos de la Champions League 24/25. - Estadísticas

Estadísticas generales
  • Esta prueba ha sido intentada 403 veces
  • La puntuación promedio es 26 de 36
Estadísticas de respuestas
País Equipo % Correcto
España Barcelona
98%
España Real Madrid
98%
España Atlético de Madrid
96%
Inglaterra Manchester City
96%
Italia Inter
92%
Italia Milan
92%
Alemania Bayern Munich
90%
Portugal Benfica
90%
España Girona
90%
Inglaterra Liverpool
90%
Inglaterra Arsenal
89%
Italia Juventus
87%
Francia Paris Saint Germain
84%
Inglaterra Aston Villa
83%
Alemania Borussia Dortmund
82%
Holanda PSV
80%
Alemania Leverkusen
78%
Escocia Celtic
77%
Italia Atalanta
73%
Holanda Feyenoord
70%
Francia Lille
68%
Suiza Young Boys
68%
Bélgica Brujas
66%
Croacia Dinamo Zagreb
64%
Francia Monaco
63%
Serbia Estrella Roja
62%
Alemania Leipzig
62%
Portugal Sporting Lisboa
62%
Italia Bologna
57%
Alemania Stuttgart
54%
Francia Brest
52%
Austria Salzburgo
52%
Republica Checa Sparta Praga
44%
Eslovaquia Slovan Bratislava
38%
Austria Sturm Graz
35%
Ucrania Shakhtar Donetsk
31%
No se encontraron pruebas coincidentes
Distribución de puntuación
Porcentaje de gente con cada puntuación
Porcentaje por número respondido
Historial de tus puntuaciones
No has intentado esta prueba.